000 00772cab a22001935a 4500
001 L154201
008 111031e20111028xxk 000 0 eng d
035 _a(Sirsi) u154201
041 0 _aeng
100 1 _aStewart, Sarah
245 0 0 _aMarkets
_bEssex
260 _c2011
490 0 _aProperty Week
_v77(43) 28 October 2011, 44-46(3)
520 _aEssex shopping centres Liberty in Romford, Lakeside at Thurrock and Chelmsford high street have been affected by the recession and competition from Westfield Stratford City. DP World is in the process of negotating with two companies to let shed space at London Gateway Logistics Park in Thurrock.
590 _aKA
651 4 _aEssex
690 _aPROPERTY-COMMERCIAL PROPERTY-COMMERCIAL PROPERTY MARKET
942 _n0
999 _c83530
_d83530